000 00602nam a22002177a 4500
003 UA-OsUOA
001 114797
007 ta
008 20151123b un ||||| |||| 00| 0 ukr d
100 _aКравець Л.
090 _a82
_bК78
942 _cSA
040 _aUA-OsUOA
_bukr
_cUA-OsUOA
_dUA-OsUOA
245 _aЖиття і смерть у метафорах української поезії ХХ століття
300 _aС.35-41
955 _a0
041 _aukr
080 _a82
773 0 _w114794
650 7 _a82 Література. Літературознавство
_2UDC
999 _c400976
_d400976